Examples of Legislative Provisions in Annual Appropriations Acts.

Illustrates House and Senate practices regarding the separation of legislation and appropriations and the inclusion of legislative provisions in appropriations acts. Lists major legislative provisions included in 13 recently enacted omnibus appropriations acts, as well as legislative provisions that...

Full description

Bibliographic Details
Corporate Authors: Library of Congress. Congressional Research Service, ProQuest (Firm)
Format: eBook
Language:English
Published: [Place of publication not identified] : [publisher not identified], 2009.
Series:U.S. Congressional Research.
Subjects:
Online Access:Connect to the full text of this electronic book

MARC

Tag First Indicator Second Indicator Subfields
LEADER 00000cam a22000001a 4500
001 in00003412621
006 m d f
007 cr bn mmmapmmp
008 101223s2009 dcu o f000 0 eng d
005 20260501135104.1
035 |a cis2007871531 
040 |a ProQuest  |c ProQuest  |d UtOrBLW 
043 |a n-us--- 
099 |a CRS-2009-GVF-0791 
110 2 |a Library of Congress.  |b Congressional Research Service. 
245 1 0 |a Examples of Legislative Provisions in Annual Appropriations Acts. 
264 1 |a [Place of publication not identified] :  |b [publisher not identified],  |c 2009. 
300 |a 1 online resource. 
336 |a text  |b txt  |2 rdacontent 
337 |a computer  |b c  |2 rdamedia 
338 |a online resource  |b cr  |2 rdacarrier 
500 |a Record is based on bibliographic data in ProQuest U.S. Congressional Research Digital Collection (last viewed Dec. 2010). Reuse except for individual research requires license from ProQuest, LLC. 
500 |a CRS Report. 
520 |a Illustrates House and Senate practices regarding the separation of legislation and appropriations and the inclusion of legislative provisions in appropriations acts. Lists major legislative provisions included in 13 recently enacted omnibus appropriations acts, as well as legislative provisions that were dropped from three of the acts. 
500 |a Electronic resource. 
610 1 0 |a United States.  |b Congress  |v Rules and practice. 
650 0 |a Expenditures, Public. 
655 7 |a Electronic books.  |2 local 
710 2 |a ProQuest (Firm) 
776 0 8 |i Microfiche version:   |a Library of Congress. Congressional Research Service.  |t Examples of Legislative Provisions in Annual Appropriations Acts 
830 0 |a U.S. Congressional Research. 
856 4 0 |u http://proxy.library.tamu.edu/login?url=https://congressional.proquest.com/congcomp/getdoc?CRDC-ID=CRS-2009-GVF-0791  |z Connect to the full text of this electronic book  |t 0 
999 |a MARS 
999 f f |s 7d9d3bfa-dc6c-3bfc-892d-330b1b3aabc7  |i e1ea74cb-e1dd-3b54-bbc4-144eabb33359  |t 0 
952 f f |a Texas A&M University  |b College Station  |c Electronic Resources  |s www_evans  |d Available Online  |t 0  |e CRS-2009-GVF-0791  |h Other scheme 
998 f f |a CRS-2009-GVF-0791  |t 0  |l Available Online